Principio y fin / (Record no. 7236)

MARC details
000 -LEADER
campo de control de longitud fija 00875nam a2200253 i 4500
001 - NÚMERO DE CONTROL
campo de control 7236
003 - IDENTIFICADOR DE NÚMERO DE CONTROL
campo de control ES-MaACL
005 - FECHA Y HORA DE LA ÚLTIMA TRANSACCIÓN
campo de control 20230906145206.0
007 - CAMPO FIJO DE DESCRIPCIÓN FÍSICA--INFORMACIÓN GENERAL
campo de control de longitud fija t|
008 - DATOS DE LONGITUD FIJA--INFORMACIÓN GENERAL
campo de control de longitud fija 901112s1988 sp ||||1| spa d
020 ## - NÚMERO INTERNACIONAL ESTÁNDAR DEL LIBRO
Número Internacional Estándar del Libro 84-7472-092-3
080 ## - NÚMERO DE LA CLASIFICACIÓN DECIMAL UNIVERSAL
Número de la Clasificación Decimal Universal 893.1-31"19"
080 ## - NÚMERO DE LA CLASIFICACIÓN DECIMAL UNIVERSAL
Número de la Clasificación Decimal Universal 893.1(Mahfuz,N.7 P.03=6)
100 1# - ENTRADA PRINCIPAL--NOMBRE DE PERSONA
Nombre de persona Mahfuz, Naguib.
9 (RLIN) 75531
245 10 - MENCIÓN DEL TÍTULO
Título Principio y fin /
Mención de responsabilidad, etc. Naguib Mahfuz ; novela traducida del arabe por Marcelino Villegas.
260 ## - PUBLICACIÓN, DISTRIBUCIÓN, ETC.
Lugar de publicación, distribución, etc. Madrid :
Nombre del editor, distribuidor, etc. Instituto Hispano Arabe de Cultura,
Fecha de publicación, distribución, etc. 1988.
300 ## - DESCRIPCIÓN FÍSICA
Extensión 324 p. ;
Dimensiones 19 cm.
490 1# - MENCIÓN DE SERIE
Mención de serie Colección de autores árabes contemporáneos ;
Designación de volumen o secuencia 17
700 1# - ENTRADA AGREGADA--NOMBRE PERSONAL
Nombre de persona Villegas, Marcelino.
9 (RLIN) 115209
710 2# - ENTRADA AGREGADA--NOMBRE DE ENTIDAD CORPORATIVA
Nombre de entidad corporativa o nombre de jurisdicción como elemento de entrada Instituto Hispano-Árabe de Cultura.
9 (RLIN) 162165
830 0# - PUNTO DE ACCESO ADICIONAL DE SERIE-TÍTULO UNIFORME
Título uniforme Colección de autores árabes contemporáneos ;
Designación de volumen o secuencia 17
9 (RLIN) 177838
852 ## - LOCALIZACIÓN
Ubicación ES-MaACL
Número de control de estantería L-14577
Sublocalización o colección R.118402
Nota libre . - rust.
Holdings
Estatus retirado Estado de pérdida Estado de daño No para préstamo Biblioteca de origen Biblioteca actual Ubicación en estantería Fecha de adquisición Fuente de adquisición Total de préstamos Signatura topográfica completa Código de barras Visto por última vez Precio de reemplazo Tipo de ítem Koha
        Biblioteca del Ateneo de Madrid Biblioteca del Ateneo de Madrid Depósito 2 17/01/2008     L-14577 1007381 23/02/2023 23/02/2023 Libro impreso